| 000 | 01423nam a2200337 a 4500 | ||
|---|---|---|---|
| 001 | ebr10294432 | ||
| 003 | CaPaEBR | ||
| 006 | m u | ||
| 007 | cr cn||||||||| | ||
| 008 | 750806s1962 utua sb 000 0 eng d | ||
| 010 | _z 63063594 | ||
| 020 | _z9781607818854 | ||
| 040 |
_aCaPaEBR _cCaPaEBR |
||
| 035 | _a(OCoLC)647755639 | ||
| 050 | 1 | 4 |
_aGF31 _b.C58 1962eb |
| 245 | 0 | 0 |
_aCivilizations in desert lands _h[electronic resource] / _cedited by Richard B. Woodbury ; papers by Homer Aschmann ... [et al.]. |
| 260 |
_aSalt Lake City : _bUniversity of Utah Press, _c1962. |
||
| 300 |
_avi, 88 p. : _bill. |
||
| 490 | 1 |
_aUniversity of Utah. Dept. of Anthropology. Anthropological papers ; _vno. 62 |
|
| 504 | _aIncludes bibliographical references. | ||
| 533 |
_aElectronic reproduction. _bPalo Alto, Calif. : _cebrary, _d2013. _nAvailable via World Wide Web. _nAccess may be limited to ebrary affiliated libraries. |
||
| 650 | 0 | _aHuman geography. | |
| 650 | 0 | _aHuman ecology. | |
| 650 | 0 | _aDeserts. | |
| 655 | 7 |
_aElectronic books. _2local |
|
| 700 | 1 |
_aWoodbury, Richard B. _q(Richard Benjamin), _d1917-2009. |
|
| 700 | 1 |
_aAschmann, Homer, _d1920- |
|
| 710 | 2 | _aebrary, Inc. | |
| 830 | 0 |
_aAnthropological papers (University of Utah. Dept. of Anthropology) ; _vno. 62. |
|
| 856 | 4 | 0 |
_uhttp://site.ebrary.com/lib/rucke/Doc?id=10294432 _zAn electronic book accessible through the World Wide Web; click to view |
| 999 |
_c76603 _d76603 |
||